[Event "DEM U12 2017"]
[Site "Willingen GER"]
[Date "2017.06.07"]
[Round "7"]
[White "Stockmann, Till"]
[Black "Milare, Tyron"]
[Result "1-0"]
[Termination "normal"]
[Board "9"]
[WhiteElo "1724"]
[BlackElo "1780"]
[WhiteClock "00:47:48"]
[BlackClock "00:49:30"]
[PlyCount "121"]
[WhiteFideId "12979341"]
[BlackFideId "12987018"]
[EventCountry "GER"]
[EventRounds "11"]
[EventType "swiss"]
[EventDate "2017.06.03"]

1. e4 {[%clk 1:15:58]} 1... c5 {[%clk 1:15:51]} 2. Nf3 {[%clk 1:16:20]} 2...
Nc6 {[%clk 1:16:12]} 3. d4 {[%clk 1:16:34]} 3... cxd4 {[%clk 1:16:36]} 4. Nxd4
{[%clk 1:16:53]} 4... Nf6 {[%clk 1:16:56]} 5. Nc3 {[%clk 1:16:58]} 5... e6 {
[%clk 1:17:13]} 6. Ndb5 {[%clk 1:16:16]} 6... d6 {[%clk 1:17:17]} 7. Bf4 {
[%clk 1:12:17]} 7... e5 {[%clk 1:17:26]} 8. Bg5 {[%clk 1:12:26]} 8... a6 {
[%clk 1:17:39]} 9. Bxf6 {[%clk 1:12:07]} 9... gxf6 {[%clk 1:17:55]} 10. Na3 {
[%clk 1:12:03]} 10... b5 {[%clk 1:17:43]} 11. Nd5 {[%clk 1:11:28]} 11... Bg7 {
[%clk 1:16:59]} 12. c4 {[%clk 1:08:15]} 12... b4 {[%clk 1:14:44]} 13. Nc2 {
[%clk 1:08:15]} 13... a5 {[%clk 1:14:16]} 14. Bd3 {[%clk 1:07:47]} 14... O-O {
[%clk 1:13:37]} 15. O-O {[%clk 1:08:09]} 15... Kh8 {[%clk 1:12:02]} 16. f4 {
[%clk 1:06:56]} 16... Ne7 {[%clk 1:12:18]} 17. fxe5 {[%clk 1:05:33]} 17... fxe5
{[%clk 1:11:42]} 18. Qh5 {[%clk 1:03:09]} 18... Ng6 {[%clk 1:10:52]} 19. Nce3 {
[%clk 1:00:09]} 19... Be6 {[%clk 1:09:24]} 20. Nf5 {[%clk 0:57:47]} 20... Bxd5
{[%clk 1:08:55]} 21. exd5 {[%clk 0:58:02]} 21... Nf4 {[%clk 1:07:04]} 22. Rxf4
{[%clk 0:55:27]} 22... exf4 {[%clk 1:07:19]} 23. Nxg7 {[%clk 0:55:46]} 23...
Kxg7 {[%clk 1:07:36]} 24. Qxh7+ {[%clk 0:56:06]} 24... Kf6 {[%clk 1:07:57]} 25.
Qf5+ {[%clk 0:52:26]} 25... Kg7 {[%clk 1:08:13]} 26. Qg4+ {[%clk 0:52:08]}
26... Kh8 {[%clk 1:07:39]} 27. Qxf4 {[%clk 0:51:10]} 27... f5 {[%clk 0:59:24]}
28. Qh6+ {[%clk 0:51:20]} 28... Kg8 {[%clk 0:59:45]} 29. Bxf5 {[%clk 0:51:21]}
29... Rxf5 {[%clk 0:50:43]} 30. Qg6+ {[%clk 0:51:48]} 30... Kh8 {[%clk 0:51:04]
} 31. Qxf5 {[%clk 0:52:07]} 31... Qb6+ {[%clk 0:50:24]} 32. Qf2 {[%clk 0:52:02]
} 32... Qxf2+ {[%clk 0:49:24]} 33. Kxf2 {[%clk 0:52:30]} 33... Rf8+ { [%clk
0:49:45]} 34. Ke3 {[%clk 0:52:13]} 34... Re8+ {[%clk 0:49:52]} 35. Kd3 { [%clk
0:52:35]} 35... Rg8 {[%clk 0:49:13]} 36. g3 {[%clk 0:52:43]} 36... Rf8 { [%clk
0:49:39]} 37. Re1 {[%clk 0:52:58]} 37... Rf3+ {[%clk 0:49:34]} 38. Re3 { [%clk
0:53:21]} 38... Rf2 {[%clk 0:50:00]} 39. Re2 {[%clk 0:53:47]} 39... Rf3+ {[%clk
0:50:26]} 40. Ke4 {[%clk 0:54:10]} 40... Rf1 {[%clk 0:50:21]} 41. b3 { [%clk
0:54:14]} 41... Kg7 {[%clk 0:50:30]} 42. h4 {[%clk 0:54:15]} 42... Kg6 { [%clk
0:50:37]} 43. g4 {[%clk 0:54:01]} 43... Rh1 {[%clk 0:51:00]} 44. h5+ { [%clk
0:54:11]} 44... Kg5 {[%clk 0:51:21]} 45. Kf3 {[%clk 0:54:23]} 45... Rh3+ {[%clk
0:51:06]} 46. Kg2 {[%clk 0:54:45]} 46... Rc3 {[%clk 0:51:09]} 47. Re6 { [%clk
0:51:40]} 47... Kxg4 {[%clk 0:51:14]} 48. h6 {[%clk 0:52:01]} 48... Rc2+ {[%clk
0:50:24]} 49. Kg1 {[%clk 0:52:11]} 49... Rxa2 {[%clk 0:50:25]} 50. Rg6+ {[%clk
0:49:51]} 50... Kf5 {[%clk 0:50:34]} 51. h7 {[%clk 0:49:33]} 51... Kxg6 {[%clk
0:49:14]} 52. h8=Q {[%clk 0:49:55]} 52... Ra3 {[%clk 0:49:28]} 53. Qb2 { [%clk
0:50:11]} 53... Kf5 {[%clk 0:49:28]} 54. Kf2 {[%clk 0:48:52]} 54... Kg6 { [%clk
0:49:31]} 55. Ke1 {[%clk 0:48:08]} 55... Kf7 {[%clk 0:49:52]} 56. Kd1 { [%clk
0:48:16]} 56... Kf8 {[%clk 0:48:54]} 57. Kc1 {[%clk 0:48:15]} 57... a4 { [%clk
0:49:11]} 58. Qf6+ {[%clk 0:47:43]} 58... Kg8 {[%clk 0:49:12]} 59. Qg6+ { [%clk
0:47:05]} 59... Kh8 {[%clk 0:49:17]} 60. Qh5+ {[%clk 0:47:26]} 60... Kg7 {[%clk
0:49:30]} 61. Qg4+ {[%clk 0:47:48]} 1-0

[Event "DEM U12 2017"]
[Site "Willingen GER"]
[Date "2017.06.07"]
[Round "7"]
[White "Röhr, Oliver"]
[Black "Eilenberg, Jonas"]
[Result "0-1"]
[Termination "normal"]
[Board "10"]
[WhiteElo "1706"]
[BlackElo "1650"]
[WhiteClock "00:19:07"]
[BlackClock "00:26:04"]
[PlyCount "88"]
[WhiteFideId "12987697"]
[BlackFideId "16204271"]
[EventCountry "GER"]
[EventRounds "11"]
[EventType "swiss"]
[EventDate "2017.06.03"]

1. d4 {[%clk 1:15:51]} 1... d5 {[%clk 1:15:53]} 2. c4 {[%clk 1:16:13]} 2... e6
{[%clk 1:16:19]} 3. Nc3 {[%clk 1:16:31]} 3... c6 {[%clk 1:16:44]} 4. cxd5 {
[%clk 1:16:56]} 4... exd5 {[%clk 1:17:08]} 5. Nf3 {[%clk 1:17:12]} 5... Bf5 {
[%clk 1:17:34]} 6. e3 {[%clk 1:17:14]} 6... Nf6 {[%clk 1:17:41]} 7. Bd3 { [%clk
1:16:25]} 7... Bxd3 {[%clk 1:18:03]} 8. Qxd3 {[%clk 1:16:46]} 8... Bd6 { [%clk
1:18:30]} 9. O-O {[%clk 1:16:39]} 9... O-O {[%clk 1:18:52]} 10. Bd2 { [%clk
1:14:57]} 10... Re8 {[%clk 1:18:38]} 11. h3 {[%clk 1:09:09]} 11... Nbd7 { [%clk
1:16:58]} 12. Rfe1 {[%clk 1:08:44]} 12... Ne4 {[%clk 1:16:28]} 13. Qe2 { [%clk
1:03:47]} 13... Ndf6 {[%clk 1:15:14]} 14. a3 {[%clk 0:57:42]} 14... a5 { [%clk
1:12:43]} 15. Nh2 {[%clk 0:50:49]} 15... Qc7 {[%clk 1:06:23]} 16. Nf1 { [%clk
0:49:41]} 16... Re6 {[%clk 1:00:09]} 17. Rac1 {[%clk 0:48:48]} 17... Nxc3
{[%clk 0:59:48]} 18. bxc3 {[%clk 0:47:07]} 18... b5 {[%clk 0:58:14]} 19. Ra1 {
[%clk 0:41:32]} 19... a4 {[%clk 0:58:04]} 20. Qd3 {[%clk 0:34:36]} 20... Rae8 {
[%clk 0:57:20]} 21. Ra2 {[%clk 0:33:38]} 21... Qe7 {[%clk 0:54:43]} 22. Bc1 {
[%clk 0:33:21]} 22... Nh5 {[%clk 0:50:20]} 23. Qd1 {[%clk 0:28:13]} 23... Nf4 {
[%clk 0:43:16]} 24. Ng3 {[%clk 0:27:50]} 24... Qh4 {[%clk 0:37:37]} 25. Rf1 {
[%clk 0:25:20]} 25... Nxh3+ {[%clk 0:28:17]} 26. gxh3 {[%clk 0:25:41]} 26...
Rg6 {[%clk 0:27:57]} 27. Kh2 {[%clk 0:18:28]} 27... Rh6 {[%clk 0:26:34]} 28.
Kg2 {[%clk 0:17:08]} 28... Qxh3+ {[%clk 0:25:42]} 29. Kf3 {[%clk 0:17:31]}
29... Bxg3 {[%clk 0:24:22]} 30. fxg3 {[%clk 0:17:49]} 30... Rf6+ { [%clk
0:23:50]} 31. Ke2 {[%clk 0:18:08]} 31... Qg2+ {[%clk 0:24:03]} 32. Kd3 { [%clk
0:17:56]} 32... Qxf1+ {[%clk 0:23:57]} 33. Qxf1 {[%clk 0:18:20]} 33... Rxf1
{[%clk 0:24:08]} 34. Bd2 {[%clk 0:18:28]} 34... Rg1 {[%clk 0:23:49]} 35. Ke2
{[%clk 0:18:41]} 35... Rxg3 {[%clk 0:24:08]} 36. Ra1 {[%clk 0:18:56]} 36... Rg6
{[%clk 0:24:10]} 37. Rh1 {[%clk 0:18:41]} 37... Rge6 {[%clk 0:24:25]} 38. Rh3
{[%clk 0:18:38]} 38... g6 {[%clk 0:24:42]} 39. Be1 {[%clk 0:18:52]} 39... f5
{[%clk 0:24:49]} 40. Rf3 {[%clk 0:18:17]} 40... f4 {[%clk 0:24:55]} 41. Rxf4
{[%clk 0:18:41]} 41... Rxe3+ {[%clk 0:25:11]} 42. Kf2 {[%clk 0:19:01]} 42...
Rxe1 {[%clk 0:25:25]} 43. Rf6 {[%clk 0:19:25]} 43... R1e6 {[%clk 0:25:44]} 44.
Rf3 {[%clk 0:19:07]} 44... Rf8 {[%clk 0:26:04]} 0-1

[Event "DEM U12 2017"]
[Site "Willingen GER"]
[Date "2017.06.07"]
[Round "7"]
[White "Wang, Xinyuan"]
[Black "Gallasch, Jonas"]
[Result "1-0"]
[Termination "normal"]
[Board "11"]
[WhiteElo "1673"]
[BlackElo "1813"]
[WhiteClock "00:33:47"]
[BlackClock "00:10:01"]
[PlyCount "49"]
[WhiteFideId "16221494"]
[BlackFideId "16222474"]
[EventCountry "GER"]
[EventRounds "11"]
[EventType "swiss"]
[EventDate "2017.06.03"]

1. d4 {[%clk 1:15:55]} 1... d5 {[%clk 1:15:48]} 2. c4 {[%clk 1:16:07]} 2... c6
{[%clk 1:16:09]} 3. Nc3 {[%clk 1:16:32]} 3... Nf6 {[%clk 1:16:30]} 4. Nf3 {
[%clk 1:16:55]} 4... Bf5 {[%clk 1:16:53]} 5. cxd5 {[%clk 1:17:02]} 5... Nxd5 {
[%clk 1:10:44]} 6. Qb3 {[%clk 1:15:33]} 6... Qb6 {[%clk 1:08:42]} 7. Nxd5 {
[%clk 1:10:15]} 7... Qxb3 {[%clk 1:08:19]} 8. Nc7+ {[%clk 1:09:59]} 8... Kd8 {
[%clk 1:08:09]} 9. axb3 {[%clk 1:10:26]} 9... Kxc7 {[%clk 1:08:30]} 10. Bf4+ {
[%clk 1:10:49]} 10... Kc8 {[%clk 1:08:30]} 11. Nd2 {[%clk 1:07:53]} 11... e6 {
[%clk 1:03:41]} 12. e4 {[%clk 1:07:17]} 12... Bg6 {[%clk 1:04:03]} 13. Bd3 {
[%clk 1:07:33]} 13... Bb4 {[%clk 1:00:46]} 14. O-O {[%clk 1:02:40]} 14... Bxd2
{[%clk 0:56:38]} 15. Bxd2 {[%clk 1:02:11]} 15... Rd8 {[%clk 0:56:50]} 16. Bc2 {
[%clk 0:57:44]} 16... e5 {[%clk 0:51:56]} 17. Ba5 {[%clk 0:55:14]} 17... Rxd4 {
[%clk 0:34:59]} 18. Bc3 18... Rd8 {[%clk 0:30:05]} 19. Bxe5 {[%clk 0:55:03]}
19... f6 {[%clk 0:28:45]} 20. Bc3 {[%clk 0:54:47]} 20... Nd7 {[%clk 0:27:38]}
21. f3 {[%clk 0:54:08]} 21... Kc7 {[%clk 0:25:08]} 22. b4 {[%clk 0:48:39]}
22... a6 {[%clk 0:19:38]} 23. Bb3 {[%clk 0:46:09]} 23... Ne5 {[%clk 0:17:33]}
24. Rfd1 {[%clk 0:33:38]} 24... Bf7 {[%clk 0:10:01]} 25. Bxe5+ {[%clk 0:33:47]}
1-0

[Event "DEM U12 2017"]
[Site "Willingen GER"]
[Date "2017.06.07"]
[Round "7"]
[White "Zeuner, Ole"]
[Black "Lutz, Adam"]
[Result "0-1"]
[Termination "normal"]
[Board "12"]
[WhiteElo "1764"]
[BlackElo "1787"]
[WhiteClock "00:13:23"]
[BlackClock "00:13:26"]
[PlyCount "62"]
[WhiteFideId "12943576"]
[BlackFideId "16226615"]
[EventCountry "GER"]
[EventRounds "11"]
[EventType "swiss"]
[EventDate "2017.06.03"]

1. e4 {[%clk 1:15:58]} 1... c5 {[%clk 1:15:55]} 2. Nf3 {[%clk 1:16:14]} 2... e6
{[%clk 1:16:20]} 3. d4 {[%clk 1:16:38]} 3... cxd4 {[%clk 1:16:47]} 4. Nxd4 {
[%clk 1:17:00]} 4... Nf6 {[%clk 1:17:12]} 5. Nc3 {[%clk 1:17:20]} 5... d6 {
[%clk 1:17:38]} 6. Be3 {[%clk 1:17:06]} 6... a6 {[%clk 1:17:33]} 7. Qf3 { [%clk
1:16:44]} 7... Qc7 {[%clk 1:04:54]} 8. O-O-O {[%clk 1:15:41]} 8... Nc6 { [%clk
0:59:53]} 9. Be2 {[%clk 1:12:28]} 9... Bd7 {[%clk 0:58:24]} 10. g4 { [%clk
1:10:35]} 10... h5 {[%clk 0:55:02]} 11. gxh5 {[%clk 0:58:27]} 11... Nxh5 {[%clk
0:53:30]} 12. Rhg1 {[%clk 0:52:00]} 12... Nf6 {[%clk 0:52:14]} 13. Qg3 { [%clk
0:50:50]} 13... Nxd4 {[%clk 0:41:04]} 14. Bxd4 {[%clk 0:49:48]} 14... e5 {[%clk
0:41:25]} 15. Be3 {[%clk 0:49:40]} 15... Rh3 {[%clk 0:41:41]} 16. Qg2 { [%clk
0:46:29]} 16... Be6 {[%clk 0:33:41]} 17. Kb1 {[%clk 0:42:31]} 17... Rc8 { [%clk
0:28:45]} 18. Bf3 {[%clk 0:36:26]} 18... b5 {[%clk 0:27:07]} 19. Rd2 { [%clk
0:34:51]} 19... Qc4 {[%clk 0:24:02]} 20. Nd5 {[%clk 0:32:55]} 20... Nxd5 {[%clk
0:23:08]} 21. exd5 {[%clk 0:33:05]} 21... Bf5 {[%clk 0:23:16]} 22. Rc1 { [%clk
0:31:51]} 22... Qa4 {[%clk 0:18:58]} 23. Be2 {[%clk 0:29:25]} 23... Qh4 { [%clk
0:12:20]} 24. Bg5 {[%clk 0:22:21]} 24... Rxh2 {[%clk 0:12:14]} 25. Bxh4 { [%clk
0:22:21]} 25... Rxg2 {[%clk 0:12:39]} 26. Bg3 {[%clk 0:22:37]} 26... g6 { [%clk
0:12:43]} 27. Rh1 {[%clk 0:18:38]} 27... Be4 {[%clk 0:13:06]} 28. f3 { [%clk
0:17:37]} 28... Bxf3 {[%clk 0:13:16]} 29. Bxe5 {[%clk 0:14:06]} 29... dxe5
{[%clk 0:13:19]} 30. d6 {[%clk 0:14:15]} 30... Rd8 {[%clk 0:13:07]} 31. d7+
{[%clk 0:13:23]} 31... Ke7 {[%clk 0:13:26]} 0-1

[Event "DEM U12 2017"]
[Site "Willingen GER"]
[Date "2017.06.07"]
[Round "7"]
[White "Mainka, Alwin"]
[Black "Simukov, Erik"]
[Result "1/2-1/2"]
[Termination "normal"]
[Board "13"]
[WhiteElo "1579"]
[BlackElo "1719"]
[PlyCount "116"]
[WhiteFideId "16241177"]
[BlackFideId "12995380"]
[EventCountry "GER"]
[EventRounds "11"]
[EventType "swiss"]
[EventDate "2017.06.03"]

1. e4 e5 2. Nf3 Nc6 3. Bb5 a6 4. Ba4 Nf6 5. O-O Be7 6. Re1 b5 7. Bb3 d6 8. h3
Na5 9. c3 Nxb3 10. Qxb3 O-O 11. d4 Be6 12. d5 Bd7 13. c4 Ne8 14. c5 f5 15. Nxe5
dxe5 16. d6+ Kh8 17. dxe7 Qxe7 18. exf5 Rxf5 19. Be3 Bc6 20. Nd2 Nf6 21. Qc2 e4
22. Rad1 Re8 23. Nb3 Rd5 24. Na5 Rxd1 25. Rxd1 Bd5 26. b4 c6 27. Nb3 Qf7 28.
Nd4 Nd7 29. a3 Ne5 30. Qc3 Nc4 31. Ne2 Rf8 32. Ng3 Kg8 33. Nf1 Qh5 34. Re1 Qg6
35. Nd2 Re8 36. Nxc4 Bxc4 37. Rd1 Bd5 38. Ra1 Be6 39. Kh2 Rd8 40. Qe5 Qf6 41.
Qxf6 gxf6 42. Kg3 Kf7 43. Kf4 f5 44. f3 exf3 45. Kxf3 Rd3 46. Ke2 Bc4 47. Kf2
Bd5 48. g3 Kg6 49. Bf4 Rb3 50. Bc7 Rb2+ 51. Ke3 Rh2 52. h4 Rc2 53. Bf4 Rc4 54.
Bd6 Re4+ 55. Kd2 Bc4 56. Kc2 Re2+ 57. Kc3 Re3+ 58. Kc2 Re2+ 1/2-1/2

[Event "DEM U12 2017"]
[Site "Willingen GER"]
[Date "2017.06.07"]
[Round "7"]
[White "Schubert, Nikita"]
[Black "Neuber, Pascal"]
[Result "0-1"]
[Termination "normal"]
[Board "14"]
[WhiteElo "1788"]
[BlackElo "1632"]
[PlyCount "98"]
[WhiteFideId "16212339"]
[BlackFideId "16227611"]
[EventCountry "GER"]
[EventRounds "11"]
[EventType "swiss"]
[EventDate "2017.06.03"]

1. d4 Nf6 2. Nf3 c5 3. c3 cxd4 4. cxd4 g6 5. g3 Bg7 6. Bg2 O-O 7. O-O d6 8. Nc3
Nc6 9. b3 Bd7 10. Bb2 Rc8 11. Rc1 Na5 12. e4 b5 13. Qe2 b4 14. Nd1 Qb6 15. Ne3
Bb5 16. Nc4 Qa6 17. Nfd2 Nd7 18. Rc2 Nb6 19. Rfc1 Rc7 20. Bf1 Rfc8 21. Qd3 e6
22. d5 Bxb2 23. Rxb2 Nbxc4 24. bxc4 Nxc4 25. Nxc4 Bxc4 26. Rxc4 Qxc4 27. Qxc4
Rxc4 28. Bxc4 Rxc4 29. dxe6 fxe6 30. f3 Kf7 31. Kf2 a5 32. Rd2 Ke7 33. g4 g5
34. Kg3 Rc3 35. Rb2 d5 36. exd5 exd5 37. Kf2 Kd6 38. Re2 d4 39. Rd2 Kc5 40. Ke2
Re3+ 41. Kf2 Kc4 42. Rc2+ Kd3 43. Rc5 Re2+ 44. Kg3 Rxa2 45. Rxg5 b3 46. f4 b2
47. Rb5 Kc4 48. Rb8 Ra3+ 49. Kh4 Rb3 0-1

[Event "DEM U12 2017"]
[Site "Willingen GER"]
[Date "2017.06.07"]
[Round "7"]
[White "von Krosigk, Florian"]
[Black "Kosev, Momchil"]
[Result "1/2-1/2"]
[Termination "normal"]
[Board "15"]
[WhiteElo "1627"]
[BlackElo "1757"]
[PlyCount "48"]
[WhiteFideId "16227808"]
[BlackFideId "12975982"]
[EventCountry "GER"]
[EventRounds "11"]
[EventType "swiss"]
[EventDate "2017.06.03"]

1. e4 c5 2. Nf3 d6 3. Bb5+ Nd7 4. c4 Ngf6 5. Nc3 e6 6. d4 cxd4 7. Nxd4 Be7 8.
O-O O-O 9. Bxd7 Bxd7 10. b3 a6 11. Qe2 Qc7 12. Bb2 Rfd8 13. Rac1 Rac8 14. Rfd1
Qb8 15. h3 Bc6 16. Ba3 Bf8 17. Re1 Bxe4 18. Nxe4 Nxe4 19. Qxe4 d5 20. cxd5 exd5
21. Qg4 Bxa3 22. Nf5 g6 23. Nh6+ Kg7 24. Nf5+ Kg8 1/2-1/2

[Event "DEM U12 2017"]
[Site "Willingen GER"]
[Date "2017.06.07"]
[Round "7"]
[White "Schauties, Nico Antonio"]
[Black "Stepanov, Maximilian"]
[Result "1-0"]
[Termination "normal"]
[Board "16"]
[WhiteElo "1711"]
[BlackElo "1609"]
[PlyCount "91"]
[WhiteFideId "16206371"]
[BlackFideId "16244680"]
[EventCountry "GER"]
[EventRounds "11"]
[EventType "swiss"]
[EventDate "2017.06.03"]

1. d4 d5 2. c4 c6 3. Nf3 Nf6 4. Nc3 Bf5 5. Bf4 e6 6. e3 Bd6 7. Bxd6 Qxd6 8. Bd3
Bxd3 9. Qxd3 Nbd7 10. O-O O-O 11. Nd2 Ne8 12. f4 f5 13. c5 Qe7 14. b4 a6 15. a4
Nef6 16. b5 Rfb8 17. Rfb1 Qd8 18. Nf3 Ne4 19. Ne5 Nxe5 20. fxe5 Qe8 21. bxc6
bxc6 22. a5 Nxc3 23. Qxc3 Rxb1+ 24. Rxb1 Rb8 25. Rb6 Qc8 26. Qb4 Rxb6 27. cxb6
Qb7 28. Qd6 c5 29. dxc5 d4 30. Qd8+ Kf7 31. Qc7+ Qxc7 32. bxc7 d3 33. c8=Q d2
34. Qd7+ Kg6 35. Qxe6+ Kg5 36. Qd6 d1=Q+ 37. Qxd1 f4 38. h4+ Kxh4 39. exf4 g5
40. Qd8 h6 41. fxg5 hxg5 42. Kf2 Kg4 43. Qf6 Kh5 44. Kg3 g4 45. Kf4 g3 46. Qg5#
1-0

[Event "DEM U12 2017"]
[Site "Willingen GER"]
[Date "2017.06.07"]
[Round "7"]
[White "Breß, Aaron"]
[Black "Reindl, Jork"]
[Result "1/2-1/2"]
[Termination "normal"]
[Board "17"]
[WhiteElo "1745"]
[BlackElo "1461"]
[PlyCount "52"]
[WhiteFideId "12996432"]
[BlackFideId "16200152"]
[EventCountry "GER"]
[EventRounds "11"]
[EventType "swiss"]
[EventDate "2017.06.03"]

1. c4 e5 2. Nc3 Nf6 3. g3 Nc6 4. Bg2 Bc5 5. Nf3 d6 6. O-O O-O 7. Na4 Bb6 8.
Nxb6 axb6 9. a3 Be6 10. Qc2 h6 11. d3 Qd7 12. b4 Nxb4 13. Qc3 Nc6 14. Rd1 Bh3
15. Bh1 Bg4 16. Be3 e4 17. dxe4 Nxe4 18. Qc2 Bf5 19. Qb2 Nf6 20. Bxh6 gxh6 21.
Qxf6 Qe6 22. Qxe6 Bxe6 23. Nd4 Bxc4 24. Nxc6 bxc6 25. Bxc6 Ra5 26. f3 Rc5
1/2-1/2

[Event "DEM U12 2017"]
[Site "Willingen GER"]
[Date "2017.06.07"]
[Round "7"]
[White "Danninger, Jannik"]
[Black "Farokhi, Keyvan"]
[Result "0-1"]
[Termination "normal"]
[Board "18"]
[WhiteElo "1642"]
[BlackElo "1735"]
[PlyCount "92"]
[WhiteFideId "16226402"]
[BlackFideId "12998630"]
[EventCountry "GER"]
[EventRounds "11"]
[EventType "swiss"]
[EventDate "2017.06.03"]

1. e4 c5 2. Nf3 Nc6 3. d4 cxd4 4. Nxd4 g6 5. c4 Nf6 6. Nc3 Nxd4 7. Qxd4 d6 8.
Be3 Bg7 9. Be2 O-O 10. Qd2 Be6 11. O-O a5 12. f3 a4 13. Qc2 Qa5 14. Nd5 Bxd5
15. cxd5 Rfc8 16. Qd3 Nd7 17. Qb5 Qxb5 18. Bxb5 Nc5 19. Rab1 a3 20. b4 Na6 21.
Rb3 Rc3 22. Bxa6 Rxa6 23. Rxc3 Bxc3 24. b5 Ra4 25. Rc1 Bd4 26. Bxd4 Rxd4 27.
Rc8+ Kg7 28. Rc7 Rd2 29. Rxb7 Rxa2 30. Rxe7 Rb2 31. Ra7 a2 32. h3 Rb1+ 33. Kh2
a1=Q 34. Rxa1 Rxa1 35. Kg3 Rb1 36. Kf4 Kf6 37. g4 g5+ 38. Kg3 Rxb5 39. h4 Rb3
40. h5 h6 41. Kg2 Ke5 42. Kg3 f6 43. Kf2 Kf4 44. e5 fxe5 45. Kg2 Rxf3 46. Kg1
Kg3 0-1

[Event "DEM U12 2017"]
[Site "Willingen GER"]
[Date "2017.06.07"]
[Round "7"]
[White "Rössel, Gino"]
[Black "Marschall, Tillmann"]
[Result "1-0"]
[Termination "normal"]
[Board "19"]
[WhiteElo "1714"]
[BlackElo "1613"]
[PlyCount "119"]
[WhiteFideId "16203070"]
[BlackFideId "12973220"]
[EventCountry "GER"]
[EventRounds "11"]
[EventType "swiss"]
[EventDate "2017.06.03"]

1. e4 e6 2. d4 d5 3. Nc3 Nf6 4. e5 Nfd7 5. f4 c5 6. Nf3 Nc6 7. Be3 a6 8. Qd2 b5
9. dxc5 Bxc5 10. Bxc5 Nxc5 11. Nd4 Qb6 12. a3 Nxd4 13. Qxd4 Nd7 14. Qd2 Bb7 15.
O-O-O O-O-O 16. Ne2 f6 17. exf6 gxf6 18. g3 Qd6 19. Bg2 Kb8 20. f5 Nb6 21. fxe6
Qxe6 22. Nf4 Qc6 23. b3 Qc5 24. Kb2 Rhe8 25. Rhe1 Rxe1 26. Rxe1 Rd6 27. Ne6 Qc6
28. Nd4 Qd7 29. Qf4 Ka7 30. Bh3 Qd8 31. Bf5 Bc6 32. Bxh7 a5 33. Bd3 Qd7 34. Ka2
a4 35. Nxb5+ Bxb5 36. Bxb5 axb3+ 37. cxb3 Qh7 38. Qd2 Qc7 39. Rc1 Qe7 40. Qc2
Kb7 41. a4 Qd8 42. a5 Na8 43. Qh7+ Kb8 44. b4 d4 45. a6 Qb6 46. Qd3 Nc7 47. Rc5
Rd5 48. Rxd5 Nxd5 49. Kb3 Ne3 50. Bc4 Qd6 51. h4 Nxc4 52. Qxc4 Qxg3+ 53. Ka4
Qg1 54. Qb5+ Kc7 55. Qb7+ Kd6 56. a7 Qd1+ 57. Ka5 Qa1+ 58. Kb6 Qc3 59. a8=Q
Qxb4+ 60. Ka7 1-0

[Event "DEM U12 2017"]
[Site "Willingen GER"]
[Date "2017.06.07"]
[Round "7"]
[White "Großmann, Piet"]
[Black "Gluma, Christian"]
[Result "1-0"]
[Termination "normal"]
[Board "20"]
[WhiteElo "1608"]
[BlackElo "1691"]
[PlyCount "67"]
[WhiteFideId "16234359"]
[BlackFideId "16223209"]
[EventCountry "GER"]
[EventRounds "11"]
[EventType "swiss"]
[EventDate "2017.06.03"]

1. e4 e5 2. Nf3 Nc6 3. d4 exd4 4. Nxd4 Bc5 5. Be3 Qf6 6. c3 Nge7 7. Bc4 O-O 8.
f4 Nxd4 9. cxd4 Bb4+ 10. Nc3 Qc6 11. Qd3 d5 12. exd5 Nxd5 13. Bxd5 Qxd5 14. O-O
Qh5 15. a3 Be7 16. Rae1 Bd7 17. Bf2 Bd6 18. Bg3 Bf5 19. Qd2 a6 20. Ne4 Qg6 21.
Nxd6 Qxd6 22. Re5 g6 23. Rfe1 Rad8 24. Bf2 Rd7 25. Qc3 f6 26. Re8 Rd8 27. Rxd8
Rxd8 28. Qb3+ Kf8 29. Qxb7 Qxf4 30. Qxa6 Rd6 31. Qa8+ Bc8 32. Qxc8+ Kg7 33.
Qxc7+ Kh6 34. Be3 1-0

[Event "DEM U12 2017"]
[Site "Willingen GER"]
[Date "2017.06.07"]
[Round "7"]
[White "Sinnhöfer, Joshua"]
[Black "Frank, Marek"]
[Result "1-0"]
[Termination "normal"]
[Board "21"]
[WhiteElo "1540"]
[BlackElo "1639"]
[PlyCount "51"]
[WhiteFideId "16201361"]
[BlackFideId "16239520"]
[EventCountry "GER"]
[EventRounds "11"]
[EventType "swiss"]
[EventDate "2017.06.03"]

1. e4 c5 2. Nf3 Nc6 3. d4 cxd4 4. Nxd4 g6 5. c4 Bg7 6. Be3 Nf6 7. Nc3 O-O 8.
Be2 d6 9. O-O Bd7 10. f3 a5 11. Ndb5 Rc8 12. Na4 Ne5 13. Bb6 Qe8 14. b3 Bxb5
15. cxb5 Ned7 16. Bxa5 Nc5 17. Rc1 Nxa4 18. bxa4 Nd7 19. Bb4 Nc5 20. Bxc5 dxc5
21. Qd5 b6 22. Rfd1 Qd8 23. Qb7 Bd4+ 24. Kh1 Qc7 25. Qxc7 Rxc7 26. Rxd4 1-0

[Event "DEM U12 2017"]
[Site "Willingen GER"]
[Date "2017.06.07"]
[Round "7"]
[White "Müller, Magnus"]
[Black "Lauterbach, Kolja"]
[Result "1-0"]
[Termination "normal"]
[Board "22"]
[WhiteElo "1599"]
[BlackElo "1358"]
[PlyCount "25"]
[WhiteFideId "16230060"]
[BlackFideId "16235916"]
[EventCountry "GER"]
[EventRounds "11"]
[EventType "swiss"]
[EventDate "2017.06.03"]

1. e4 e5 2. Nf3 Nc6 3. Bc4 Nf6 4. d4 exd4 5. O-O Bc5 6. c3 dxc3 7. e5 Ne4 8.
Qd5 O-O 9. Qxe4 Re8 10. Ng5 g6 11. Bxf7+ Kg7 12. Bxe8 Qxe8 13. Nxc3 1-0

[Event "DEM U12 2017"]
[Site "Willingen GER"]
[Date "2017.06.07"]
[Round "7"]
[White "Chassard, Cedric"]
[Black "Mailitis, Ricardo"]
[Result "1-0"]
[Termination "normal"]
[Board "23"]
[WhiteElo "1290"]
[BlackElo "1633"]
[PlyCount "57"]
[WhiteFideId "16243536"]
[BlackFideId "12977535"]
[EventCountry "GER"]
[EventRounds "11"]
[EventType "swiss"]
[EventDate "2017.06.03"]

1. e4 e5 2. Nf3 Nc6 3. Bc4 Nf6 4. d3 Bc5 5. Nc3 a6 6. Bg5 h6 7. Be3 Ba7 8. h3
d6 9. O-O Be6 10. Bb3 Qd7 11. Qd2 g5 12. d4 exd4 13. Nxd4 Bxb3 14. axb3 O-O-O
15. Nxc6 Bxe3 16. fxe3 Nh5 17. Nxd8 Rxd8 18. e5 Qe7 19. exd6 Rxd6 20. Qe2 Ng7
21. Qf3 f5 22. Rad1 Re6 23. Rd3 h5 24. Rfd1 Kb8 25. Rd7 Qf6 26. Nd5 Qe5 27.
Nxc7 Rc6 28. Nxa6+ Ka8 29. Ra1 1-0